Koniec roka 1997
Dva spôsoby vyrovnania daňovej povinnosti. Zákon číslo 286/1992 Zb. o daniach z príjmov. Prehľad povinností zamestnancov a ostatných daňovníkov majúcich príjmy zo závislej činnosti. Závery vyplývajúce pre zamestnanca a zamestnávateľa ohľadom daní.
Na minha lista:
| Autor principal: | |
|---|---|
| Formato: | Livro |
| Idioma: | eslovaco |
| Assuntos: | |
| Tags: |
Sem tags, seja o primeiro a adicionar uma tag!
|
MARC
| LEADER | 00000nam a2200000 4500 | ||
|---|---|---|---|
| 001 | r030333 | ||
| 005 | 20230824094534.1 | ||
| 041 | 0 | |a slo | |
| 044 | |a SK | ||
| 245 | 1 | 0 | |a Koniec roka 1997 |c Dagmar Piršelová |
| 520 | |a Dva spôsoby vyrovnania daňovej povinnosti. Zákon číslo 286/1992 Zb. o daniach z príjmov. Prehľad povinností zamestnancov a ostatných daňovníkov majúcich príjmy zo závislej činnosti. Závery vyplývajúce pre zamestnanca a zamestnávateľa ohľadom daní. | ||
| 610 | 2 | 0 | |a dane |
| 610 | 2 | 0 | |a dane z príjmov |
| 610 | 2 | 0 | |a dane priame |
| 610 | 2 | 0 | |a dane zo mzdy |
| 610 | 2 | 0 | |a zákony |
| 610 | 2 | 0 | |a zamestnanci |
| 610 | 2 | 0 | |a zamestnávatelia |
| 610 | 2 | 0 | |a daňovníci |
| 610 | 2 | 0 | |a 1997 |
| 100 | 1 | |a Piršelová, Dagmar | |